The Historical Meanings of Work (Record no. 1943)
[ view plain ]
| 000 -LEADER | |
|---|---|
| fixed length control field | 00345nam a22001337a 4500 |
| 008 - FIXED-LENGTH DATA ELEMENTS--GENERAL INFORMATION | |
| fixed length control field | 250217b |||||||| |||| 00| 0 eng d |
| 020 ## - INTERNATIONAL STANDARD BOOK NUMBER | |
| ISBN | 0521308976 |
| 100 ## - MAIN ENTRY--AUTHOR | |
| Author | JOYCE, Patrick |
| 245 ## - TITLE STATEMENT | |
| Title | The Historical Meanings of Work |
| 260 ## - PUBLICATION, DISTRIBUTION, ETC. (IMPRINT) | |
| Place of publication | New York |
| Name of publisher | Cambridge University Press |
| Date of publication | 1987 |
| 300 ## - COLLATION | |
| Pagination | vi, 311p. |
| 942 ## - ADDED ENTRY ELEMENTS (KOHA) | |
| Item type | Books |
| 050 ## - LIBRARY OF CONGRESS CALL NUMBER | |
| Classification number | HD4904 |
| Item number | .H57 |
| Source of classification or shelving scheme | Not for loan | Permanent location | Current location | Date acquired | Accession No. | Full call number | Barcode. | Koha item type |
|---|---|---|---|---|---|---|---|---|
| Dewey Decimal Classification | Samuel Ogbemudia Main Library, University of Abuja | Samuel Ogbemudia Main Library, University of Abuja | 02/17/2025 | 91/001774 | HD4904.H57 | 2025-0077 | Books |